Т. 4 : Техника и технологии добычи; Справочник инженера-нефтяника

מידע ביבליוגרפי
Parent link:Справочник инженера-нефтяника: пер. с англ./ гл. ред. Л. Лейк. Т. 4 : Техника и технологии добычи.— , 2014-2019.— 978-5-4344-0139-5
מחברים אחרים: Клегг Д. Д. Джо Данн (редактор)
סיכום:Четвертый том Справочника инженера-нефтяника посвящен ключевой задаче инжиниринга добычи — обеспечению эффективной работы скважин. Глубоко проработаны вопросы, посвященные физическим основам технологических процессов и алгоритмам инженерных расчетов. Предложен системный подход к отбору материала и выбору логики изложения. Представлен всесторонний взгляд на систему "пласт-скважина" и дан анализ всех процессов, влияющих на эффективность работы этой системы. В первой части книги приводятся формулы, позволяющие определить продуктивность скважины в зависимости от способа ее заканчивания. Завершают первую часть книги разделы, касающиеся собственно вопросов заканчивания скважин. Вторая часть посвящена рассмотрению состояния иризабойной зоны пласта, стимуляции притока из низкопродуктивных пластов посредством кислотной обработки и гидроразрыва пласта, а также вопросам борьбы с осложнениями. В заключительной части данного тома большое внимание уделяется описанию, а также обоснованному выбору тех или иных способов эксплуатации скважин. Издание рассчитано на широкий круг специалистов нефтегазовой отрасли и смежных с ней областей промышленности.
שפה:רוסית
יצא לאור: 2017
נושאים:
פורמט: ספר
KOHA link:https://koha.lib.tpu.ru/cgi-bin/koha/opac-detail.pl?biblionumber=330925

MARC

LEADER 00000nam2a2200000 4500
001 330925
005 20231102004315.0
010 |a 9785434401760 
035 |a (RuTPU)RU\TPU\book\356713 
090 |a 330925 
100 |a 20170412d2017 km y0rusy50 ca 
101 1 |a rus  |c eng 
102 |a RU 
105 |a a g 001zy 
200 0 |a Т. 4 : Техника и технологии добычи  |f под ред. Д. Д. Клегга 
210 |d 2017 
215 |a 1194 с.  |c ил. 
320 |a Библиография в конце глав 
320 |a Принятые сокращения в конце глав 
320 |a Предметный указатель: с. 1171-1192 
330 |a Четвертый том Справочника инженера-нефтяника посвящен ключевой задаче инжиниринга добычи — обеспечению эффективной работы скважин. Глубоко проработаны вопросы, посвященные физическим основам технологических процессов и алгоритмам инженерных расчетов. Предложен системный подход к отбору материала и выбору логики изложения. Представлен всесторонний взгляд на систему "пласт-скважина" и дан анализ всех процессов, влияющих на эффективность работы этой системы. В первой части книги приводятся формулы, позволяющие определить продуктивность скважины в зависимости от способа ее заканчивания. Завершают первую часть книги разделы, касающиеся собственно вопросов заканчивания скважин. Вторая часть посвящена рассмотрению состояния иризабойной зоны пласта, стимуляции притока из низкопродуктивных пластов посредством кислотной обработки и гидроразрыва пласта, а также вопросам борьбы с осложнениями. В заключительной части данного тома большое внимание уделяется описанию, а также обоснованному выбору тех или иных способов эксплуатации скважин. Издание рассчитано на широкий круг специалистов нефтегазовой отрасли и смежных с ней областей промышленности. 
461 1 |0 (RuTPU)RU\TPU\book\287719  |y 978-5-4344-0139-5  |t Справочник инженера-нефтяника  |o пер. с англ.  |f гл. ред. Л. Лейк  |v Т. 4 : Техника и технологии добычи  |d 2014-2019  |s Нефтегазовый инжиниринг 
606 1 |a Нефтегазовые месторождения  |x Системы разработки  |x Эксплуатация  |2 stltpush  |3 (RuTPU)RU\TPU\subj\45562  |9 64757 
610 1 |a углеводороды 
610 1 |a добыча 
610 1 |a коллекторы 
610 1 |a фильтрационные свойства 
610 1 |a потоки 
610 1 |a приток 
610 1 |a отток 
610 1 |a нефтегазовые скважины 
610 1 |a заканчивание 
610 1 |a оборудование 
610 1 |a насосно-компрессорные трубы 
610 1 |a колонны 
610 1 |a выбор 
610 1 |a проектирование 
610 1 |a монтаж 
610 1 |a перфорация 
610 1 |a пескопроявления 
610 1 |a борьба 
610 1 |a продуктивные пласты 
610 1 |a повреждения 
610 1 |a кислотная обработка 
610 1 |a гидравлический разрыв 
610 1 |a трещины 
610 1 |a разрушение 
610 1 |a продуктивность 
610 1 |a штанговые глубинные насосы 
610 1 |a насосные штанги 
610 1 |a газлифтная эксплуатация 
610 1 |a электрические погружные насосы 
610 1 |a гидравлические насосы 
610 1 |a винтовые насосные установки 
610 1 |a плунжерные лифты 
610 1 |a справочники 
675 |a 622.276(035)  |v 4 
702 1 |a Клегг  |b Д. Д.  |g Джо Данн  |4 340 
801 1 |a RU  |b 63413507  |c 20170412 
801 2 |a RU  |b 63413507  |c 20191118  |g RCR 
942 |c BK 
959 |a 7/20170502  |d 1  |e 0  |f ЧЗТЛ:1 
959 |a 21/20191024  |d 2  |e 3840,00  |f УФ:1